Tables de Clothoides pour le raccordement des courbes: routes, canaux, chemins de fer

保存先:
書誌詳細
第一著者: Schluck, H (著者)
フォーマット: 図書
言語:フランス語
出版事項: París Dunod 1969
主題:
タグ: タグ追加
タグなし, このレコードへの初めてのタグを付けませんか!

MARC

LEADER 00000nam a2200000 a 4500
001 UCU3073
003 CL-VaPUC
008 960502e19690000FR |||||||||||||||||fre|d
082 0 4 |a 516.36  |b SCH  |2 21 
100 0 |a Schluck, H  |e author  |9 359781 
245 1 0 |a Tables de Clothoides pour le raccordement des courbes: routes, canaux, chemins de fer 
300 |a 162 p 
942 |c BK 
945 |d 19960502 00:00:00  |a cmena 
260 |a París  |b Dunod  |c 1969 
650 7 |a DIAGRAMAS DE CURVAS  |2 CL-VaPUC  |9 359782 
650 0 |a Gráficas  |9 264054 
650 0 |a Geometría analítica   |9 260062 
650 7 |a GRAFICAS DE ECUACIONES  |2 CL-VaPUC  |9 359783 
650 7 |a DIAGRAMAS NUMERICOS  |2 CL-VaPUC  |9 359784 
650 7 |a NOMOGRAMAS  |2 CL-VaPUC  |9 359765 
650 7 |a TRAZADORES DE CURVAS  |2 CL-VaPUC  |9 359785 
650 0 |a Ingeniería civil  |9 260076 
650 0 |a Construcción de carreteras  |9 260999 
650 0 |a Obras públicas  |9 261125 
583 |a last modification  |c 19960502 00:00:00  |k Rodrigo Vera 
999 |c 247196  |d 247194